[Event "ch-EU"]
[Site "Liverpool ENG"]
[Date "2006.09.10"]
[Round "5"]
[White "Surtees,M"]
[Black "Van der Weide,K"]
[Result "0-1"]
[WhiteElo "2182"]
[BlackElo "2446"]

1.e4 c5 2.c3 Nf6 3.d3 Nc6 4.f4 d6 5.Na3 g6 6.g3 Bg7 7.Bg2 O-O 8.Ne2 Rb8 9.O-O Qc7
10.Nc2 b5 11.d4 cxd4 12.cxd4 b4 13.e5 dxe5 14.fxe5 Nh5 15.Nf4 Ba6 16.Rf2 Nxf4
17.Bxf4 Rbd8 18.Rd2 Bb7 19.Ne3 Na5 20.Rc1 Qb6 21.Bxb7 Nxb7 22.Nc4 Qb5 23.d5 e6
24.d6 Nc5 25.Bg5 Rc8 26.Be7 Rfe8 27.Bf6 Nd7 28.b3 Rc5 29.Qf1 Bxf6 30.exf6 e5
31.Rf2 e4 32.Re1 Re6 33.Re3 Rf5 34.Rxf5 Qxf5 35.Qxf5 gxf5 36.Re1 Rxf6 37.Rd1 f4
38.Rd4 fxg3 39.Rxe4 gxh2+ 40.Kxh2 Re6 41.Rg4+ Kf8 42.Rh4 h6 43.Rh5 Nb6 44.Rc5 Ke8
45.Nxb6 axb6 46.Rc6 b5 47.Rb6 Re5 48.Kg3 Kd7 49.Rb7+ Kxd6 50.Rxf7 Kc5 51.Ra7 Kd4
52.Kg4 Kc3 53.Ra6 Kb2 54.Ra5 Rd5 55.Kh4 Kc3 56.Kg3 Kd4 57.Ra6 Rh5 58.Ra5 Kc5
59.Ra6 Rh1 60.Kg2 Rd1 61.Kf3 Rd6 62.Ra8 Rg6 63.Rc8+ Kd4 64.Rb8 Rg5 65.Kf4 Kc3
66.Rb6 Rg2 67.Ra6 h5 68.Kf3 Rg8 69.Kf4 Rd8 70.Ra5 h4 71.Rxb5 Rh8 72.Re5 h3
73.Re1 h2 74.Rh1 Kb2 75.Ke4 Kxa2 76.Kd3 Kxb3 77.Rb1+ Ka2 78.Rh1 b3  0-1

[Event "3rd Szeged Cup"]
[Site "Szeged HUN"]
[Date "2006.09.10"]
[Round "1"]
[White "Vajda,S"]
[Black "Ruszin,A"]
[Result "1-0"]
[WhiteElo "2396"]
[BlackElo "2091"]

1.e4 c5 2.c3 Nf6 3.e5 Nd5 4.d4 cxd4 5.Nf3 e6 6.cxd4 d6 7.Bc4 Nb6 8.Bd3 Nc6
9.a3 Qc7 10.O-O dxe5 11.dxe5 Nxe5 12.Nxe5 Qxe5 13.Re1 Qc7 14.Nc3 a6 15.Qg4 h5
16.Qg5 Qe7 17.Qg3 Bd7 18.Be3 Na4 19.Nd5 h4 20.Qf3 Bc6 21.Nxe7 Bxf3 22.Ng6 fxg6
23.Bxg6+ Kd7 24.gxf3 Bd6 25.Red1 Nxb2 26.Rdb1 Be5 27.Ra2 Nc4 28.Rxb7+ Kd6
29.f4 Bf6 30.Bd2 a5 31.Bd3 Rhc8 32.Rb5 Nxd2 33.Rxd2 Rc1+ 34.Kg2 Bc3 35.Re2 Ra6
36.Bc4 Re1 37.Rc2 Bf6 38.Re5  1-0

[Event "3rd Szeged Cup"]
[Site "Szeged HUN"]
[Date "2006.09.10"]
[Round "2"]
[White "Baki,P2"]
[Black "Gara,T"]
[Result "0-1"]
[WhiteElo "2110"]
[BlackElo "2309"]

1.e4 c5 2.c3 Nf6 3.Qe2 Nc6 4.Nf3 d6 5.d3 g6 6.g3 Bg7 7.Bg2 O-O 8.O-O Rb8
9.h3 b5 10.Be3 b4 11.Nh2 bxc3 12.bxc3 Ba6 13.f4 Qc7 14.g4 Nd7 15.g5 Nb4 16.Rd1 Qb6
17.Ng4 Nxd3 18.Qf3 Qb2 19.Nd2 Qxc3 20.Nb3 c4 21.Bd2 Qb2 22.Na5 Qb6+ 23.Kh2 c3  0-1

[Event "Mitropa Cup Men"]
[Site "Brno CZE"]
[Date "2006.09.11"]
[Round "5"]
[White "Manca,F"]
[Black "Brkic,A"]
[Result "0-1"]
[WhiteElo "2425"]
[BlackElo "2547"]

1.e4 c5 2.c3 Nf6 3.e5 Nd5 4.d4 cxd4 5.Nf3 Nc6 6.cxd4 d6 7.Bc4 Nb6 8.Bb5 dxe5
9.Nxe5 Bd7 10.Nxd7 Qxd7 11.O-O e6 12.Nc3 Be7 13.Qg4 O-O 14.Rd1 Rfd8 15.Bh6 g6
16.Qf4 Nd5 17.Qf3 Rac8 18.Bc4 Nb6 19.Bb3 Nxd4 20.Qe3 Nc4 21.Bxc4 Rxc4 22.Ne4 Qc7
23.Bg5 Nc2 24.Rxd8+ Bxd8 25.Bxd8 Qxd8 26.Qe2 Rxe4 27.Qxe4 Nxa1 28.Qb1 Nb3
29.axb3 Qd2 30.g3 b6 31.h4 a5 32.Kf1 Kg7 33.Kg1 h5 34.Kf1 Kf6 35.Kg1 Ke5
36.Qf1 Kf6 37.Qb5 Qd1+ 38.Kh2 Qd4 39.Qe2 Ke7 40.Kg1 Kd6 41.Qb5 Kc7 42.Qe8 Qd1+
43.Kg2 Qd7 44.Qf8 Kc6 45.Kh2 Kb5 46.Kg1 e5 47.Kh2 Qe6 48.Kg1 e4 49.Qa3 e3
50.fxe3 Qxe3+ 51.Kg2 Qe2+ 52.Kg1 Qe1+ 53.Kg2 Qe4+ 54.Kh2 Qb4 55.Qa2 Kc5 56.Kg2 Kd4
57.Kf2 Qd2+ 58.Kf3 Qe3+ 59.Kg2 Qe2+ 60.Kh3 Ke3 61.Qa4 Kf2 62.Qf4+ Kg1 63.Qd4+ Qf2  0-1

[Event "EU-chG18"]
[Site "Herceg Novi MNE"]
[Date "2006.09.11"]
[Round "2"]
[White "Congiu,M"]
[Black "Laurusaite,B"]
[Result "1/2-1/2"]
[WhiteElo "2115"]
[BlackElo "1962"]

1.e4 c5 2.c3 Nf6 3.e5 Nd5 4.Nf3 Nc6 5.d4 cxd4 6.cxd4 e6 7.Bc4 Nb6 8.Bb5 a6
9.Bd3 Nb4 10.Be4 d5 11.exd6 Bxd6 12.Nc3 O-O 13.O-O h6 14.Re1 Qc7 15.Bb1 N4d5
16.Nxd5 Nxd5 17.Qd3 f5 18.a3 b6 19.Ba2 Qc6 20.Bd2 Bb7 21.Rac1 Qd7 22.Ne5 Bxe5
23.Rxe5 Rf6 24.Rce1 Rg6 25.f3 Rd8 26.Qe2 Kf7 27.Bc4 b5 28.Bb3 Rc8 29.Qf2 Qd8
30.Kh1 a5 31.a4 b4 32.Qe2 Qb6 33.Qf2 Qd8 34.Qe2 Qb6 35.Qd3 Rf6 36.Bc4 Qd6
37.b3 Ra8 38.Qc2 Rc8 39.Qd1 Qb6 40.Qe2 Rd8 41.Qf2 g5 42.Bc1 Rd6 43.h4 Rg6
44.h5  1/2-1/2

[Event "EU-chG18"]
[Site "Herceg Novi MNE"]
[Date "2006.09.11"]
[Round "2"]
[White "Mader,Ma"]
[Black "Khudaya,A"]
[Result "1-0"]
[WhiteElo "2163"]
[BlackElo "2058"]

1.e4 c5 2.c3 Nf6 3.e5 Nd5 4.Nf3 e6 5.Bc4 Nc6 6.d4 cxd4 7.cxd4 d6 8.O-O dxe5
9.dxe5 Be7 10.Qe2 O-O 11.Rd1 Qc7 12.Bxd5 exd5 13.Nc3 d4 14.Nb5 Qa5 15.Nbxd4 Bg4
16.Nxc6 bxc6 17.Bf4 Rfd8 18.Qe4 Rxd1+ 19.Rxd1 Bxf3 20.Qxf3 Rd8 21.a3 g5 22.Bg3 Rd2
23.h3 Rxb2 24.Qxc6 Qc5 25.Qe8+ Bf8 26.e6 Qe7 27.exf7+ Qxf7 28.Qd8 h6 29.Rd7 Qe6
30.Rxa7 Rc2 31.Ra8 Qf5 32.Qd6 h5 33.Rxf8+ Qxf8 34.Qg6+ Qg7 35.Qxc2 Qa1+ 36.Kh2 h4
37.Qg6+ Kh8 38.Qe8+ Kh7 39.Be5 Qxa3 40.Qh5+ Kg8 41.Qg6+  1-0

[Event "EU-chG16"]
[Site "Herceg Novi MNE"]
[Date "2006.09.11"]
[Round "2"]
[White "Dudas,E"]
[Black "Cheype,M"]
[Result "1-0"]
[WhiteElo "2059"]
[BlackElo "1889"]

1.e4 c5 2.c3 Nf6 3.e5 Nd5 4.g3 e6 5.Bg2 d6 6.exd6 Bxd6 7.Nf3 O-O 8.O-O Nc6
9.Na3 e5 10.Nc4 Bg4 11.Qb3 e4 12.Nh4 Be2 13.Re1 Bxc4 14.Qxc4 Nf6 15.Bxe4 Re8
16.Nf3 Na5 17.Qa4 b5 18.Qc2 Nxe4 19.Rxe4 Qf6 20.Kg2 Nc4 21.d4 cxd4 22.Nxd4 a6
23.b3 Ne5 24.Bf4 Ng6 25.Bxd6 Qxd6 26.Rae1 Qd5 27.Kg1 Ne5 28.f4  1-0

[Event "5th Open"]
[Site "Izmir TUR"]
[Date "2006.09.11"]
[Round "2"]
[White "Datuashvili,N"]
[Black "Bagaturov,G"]
[Result "0-1"]
[WhiteElo "2174"]
[BlackElo "2461"]

1.e4 c5 2.c3 Nf6 3.e5 Nd5 4.d4 cxd4 5.cxd4 d6 6.Bc4 e6 7.Nf3 Nc6 8.O-O Be7
9.Qe2 O-O 10.Nc3 dxe5 11.dxe5 Nxc3 12.bxc3 Qa5 13.Qe4 Qxc3 14.Bd2 Qa3 15.Rab1 Rd8
16.Rfd1 Qa4 17.Rdc1 Rb8 18.Bg5 Bd7 19.Qh4 Qa3 20.Rd1 h6 21.Bd3 Bxg5 22.Nxg5 Qe7
23.f4 Nxe5 24.Bh7+ Kf8 25.Be4 Ng6 26.Bxg6 fxg6 27.Nh7+ Kf7 28.Qg3 Bc6 29.Rf1 Kg8
30.Qxg6 Qc5+ 31.Rf2 Qf5  0-1

[Event "FSIMA September"]
[Site "Budapest HUN"]
[Date "2006.09.12"]
[Round "11"]
[White "Boe,M"]
[Black "Reiss,T"]
[Result "0-1"]
[WhiteElo "2334"]
[BlackElo "2370"]

1.e4 c5 2.c3 Nf6 3.e5 Nd5 4.d4 cxd4 5.Qxd4 e6 6.Nf3 Nc6 7.Qe4 f5 8.Qe2 Qc7
9.g3 d6 10.exd6 Bxd6 11.Bg2 O-O 12.O-O Nf6 13.Nbd2 e5 14.Nc4 e4 15.Ng5 h6
16.Nxd6 Qxd6 17.Rd1 Qe7 18.Nh3 g5 19.Kh1 Be6 20.Ng1 Rad8 21.Rxd8 Rxd8 22.f4 g4
23.Be3 Rd3 24.Qf2 Nd5 25.Bxa7 e3 26.Qf1 Rd2 27.c4 Rxg2 28.Qxg2 Nf6 29.b3 Nxa7
30.Ne2 Bd7 31.Nc3 Bc6 32.Nd5 Qe6 33.Kg1 Nxd5 34.cxd5 Bxd5 35.Qc2 Nc6 36.Qd3 Nb4  0-1

[Event "FSIMA September"]
[Site "Budapest HUN"]
[Date "2006.09.12"]
[Round "11"]
[White "Zumsande,M"]
[Black "Hujbert,F"]
[Result "1-0"]
[WhiteElo "2404"]
[BlackElo "2262"]

1.e4 c5 2.c3 Nf6 3.e5 Nd5 4.d4 cxd4 5.Nf3 Nc6 6.cxd4 d6 7.Bc4 Nb6 8.Bb3 d5
9.Nh4 e6 10.Nf3 Be7 11.Nc3 Bd7 12.O-O Rc8 13.Bc2 a6 14.Kh1 Nc4 15.Ne2 Qb6
16.b3 Na3 17.Bd3 Qa5 18.Ne1 Nb4 19.Bd2 Qb6 20.Bxb4 Bxb4 21.f4 O-O 22.Nf3 Rc7
23.Bxh7+ Kxh7 24.Ng5+ Kg8 25.Qd3 Rfc8 26.Qh7+ Kf8 27.Qh8+ Ke7 28.Qxg7 Be8
29.f5 Kd8 30.Nf4 Re7 31.f6 Rd7 32.Qg8 Rc6 33.Rac1 Qb5 34.Nfxe6+ Rxe6 35.Nxe6+ fxe6
36.f7 Rxf7 37.Rxf7 Be7 38.Rxe7  1-0

[Event "EU-chG16"]
[Site "Herceg Novi MNE"]
[Date "2006.09.12"]
[Round "3"]
[White "Zeevi,N"]
[Black "Makarova,Natalja"]
[Result "0-1"]
[WhiteElo "1658"]
[BlackElo "1731"]

1.e4 c5 2.c3 Nf6 3.e5 Nd5 4.Nf3 Nc6 5.Bc4 Nb6 6.Bb3 g6 7.d4 cxd4 8.cxd4 Bg7
9.O-O d6 10.Qe2 dxe5 11.dxe5 Bg4 12.Bxf7+ Kxf7 13.Ng5+ Ke8 14.Qxg4 Nxe5 15.Qg3 Qd7
16.Nc3 Nd5 17.Nce4 Rc8 18.Rd1 h6 19.Nh3 Qa4 20.Nd6+ exd6 21.Rxd5 Qc2 22.Bf4 Qxb2
23.Re1 g5 24.Rxd6 Kf7 25.Bxe5 Bxe5 26.Qf3+ Bf6 27.Rd7+ Kg6 28.Qe4+ Kh5 29.Nf4+ gxf4
30.Qf5+ Bg5 31.g4+ Kh4 32.Qg6 Kxg4 33.h3+ Kh4 34.Qf5 h5 35.Ree7 Rc1+ 36.Kg2 Rc2  0-1

[Event "5th Open"]
[Site "Izmir TUR"]
[Date "2006.09.12"]
[Round "3"]
[White "Khotenashvili,B"]
[Black "Miroshnichenko,E"]
[Result "0-1"]
[WhiteElo "2329"]
[BlackElo "2616"]

1.e4 c5 2.c3 Nf6 3.e5 Nd5 4.d4 cxd4 5.cxd4 d6 6.Bc4 Nb6 7.Bb5+ Bd7 8.e6 Bxb5
9.Qh5 Qc8 10.Qxb5+ Kd8 11.Be3 fxe6 12.Nh3 Qc4 13.Qh5 Nc6 14.Ng5 Kd7 15.Nd2 Qd5
16.O-O g6 17.Qh4 Bg7 18.Ndf3 Raf8 19.Rfd1 h6 20.Ne4 g5 21.Qg4 h5 22.Qxg5 Qxe4
23.Qxg7 Rhg8 24.Ng5 Qxe3 25.Qxf8 Qxg5 26.Qf3 Nd5 27.g3 h4 28.a3 hxg3 29.hxg3 Qg4
30.Qb3 Nxd4 31.Qxb7+ Ke8 32.Rd3 Qe4 33.Qa6 Nf4  0-1

[Event "ch-EU"]
[Site "Liverpool ENG"]
[Date "2006.09.12"]
[Round "7"]
[White "Littlewood,J"]
[Black "Sarakauskiene,Z"]
[Result "1-0"]
[WhiteElo "2244"]
[BlackElo "2158"]

1.e4 c5 2.c3 Nf6 3.d3 Nc6 4.g3 d5 5.Nd2 e5 6.Ngf3 Be7 7.Bg2 O-O 8.O-O Be6
9.exd5 Bxd5 10.Re1 Nd7 11.Nc4 Bf6 12.Ne3 Be6 13.Nd2 Nb6 14.Ng4 Nd5 15.Nxf6+ Qxf6
16.Ne4 Qe7 17.Ng5 Rad8 18.Nxe6 Qxe6 19.f4 Qd6 20.fxe5 Nxe5 21.d4 cxd4 22.Qxd4 Nc6
23.Qf2 f6 24.Bd2 a6 25.Rad1 Qc7 26.Qc5 Qa5 27.Be3 Nxe3 28.Qxe3 Qxa2 29.Bd5+ Rxd5
30.Qe6+ Kh8 31.Qxd5 Qxb2 32.Qf7 Qb6+ 33.Kh1 Rg8 34.Re8 Ne7 35.Rxe7 Qc6+ 36.Qd5  1-0

[Event "EU-chG18"]
[Site "Herceg Novi MNE"]
[Date "2006.09.14"]
[Round "5"]
[White "Laurusaite,B"]
[Black "Boyarchenko,M"]
[Result "1-0"]
[WhiteElo "1962"]
[BlackElo "1751"]

1.e4 c5 2.c3 Nf6 3.e5 Nd5 4.d4 cxd4 5.Qxd4 e6 6.Bc4 Nc6 7.Qe4 Nde7 8.f4 Nf5
9.Nf3 d5 10.exd6 Nxd6 11.Qe2 Nxc4 12.Qxc4 Qb6 13.Qe2 Bd7 14.Nbd2 Na5 15.b4 Nc6
16.Nc4 Qc7 17.O-O Be7 18.Be3 O-O 19.Nd4 Nxd4 20.Bxd4 Bb5 21.Qg4 f6 22.Qxe6+ Rf7
23.Ne3 Bxf1 24.Rxf1 Qc6 25.Qg4 Bf8 26.Rf3 Qd7 27.f5 a5 28.Nc4 Qb5 29.Nxa5 b6
30.Nb3 Rxa2 31.Rf1 h5 32.Qf3 Rfa7 33.Nc1 R2a3 34.Qxh5 Re7 35.Qg4 Qc6 36.Qg3 Re4
37.Qf2 Qc4 38.Rd1 Ra1 39.Qb2 Ra8 40.Bxb6 Rae8 41.Qb3 Qxb3 42.Nxb3 Bxb4 43.Nd2 Bxc3
44.Nxe4 Rxe4 45.h3 Re1+ 46.Rxe1 Bxe1 47.Kf1 Bg3 48.Ke2 Kf7 49.Bd4 g6 50.Kf3 Bd6
51.Kg4 Be7 52.h4 Bd8 53.fxg6+ Kxg6 54.h5+ Kf7 55.Kf5 Be7 56.g4 Bd8 57.h6 Be7
58.h7 Kg7 59.h8=Q+ Kxh8 60.Bxf6+ Bxf6 61.Kxf6 Kh7 62.g5 Kg8 63.Kg6  1-0

[Event "5th Open"]
[Site "Izmir TUR"]
[Date "2006.09.14"]
[Round "5"]
[White "Jordanova,S"]
[Black "Grigoriev,A"]
[Result "1-0"]
[WhiteElo "2230"]
[BlackElo "2336"]

1.e4 c5 2.c3 Nf6 3.e5 Nd5 4.Nf3 d6 5.d4 cxd4 6.cxd4 Nc6 7.Bc4 e6 8.O-O Be7
9.Qe2 Nb6 10.Bb3 d5 11.Nc3 a6 12.a3 Bd7 13.Bc2 Rc8 14.Qd3 Na7 15.Re1 Nb5
16.Ne2 Qc7 17.Bb3 Nc4 18.Ng3 h6 19.h4 Na7 20.Nh5 Bf8 21.Nh2 Na5 22.Ba2 Ba4
23.Qg3 g6 24.Nf6+ Kd8 25.Bd2 Be8 26.Bxd5 Nc4 27.Bxc4 Qxc4 28.Ba5+ Ke7 29.Bb4+ Kd8
30.Ba5+ Ke7 31.Bb4+ Kd8 32.Bxf8 Rxf8 33.d5 Ba4 34.Qe3 Qc5 35.Qxh6 exd5 36.Rac1 Qe7
37.Nxd5 Rxc1 38.Rxc1 Qe8 39.Nf6 Qe7 40.Qd2+  1-0

[Event "XVI WSen"]
[Site "Arvier ITA"]
[Date "2006.09.15"]
[Round "5"]
[White "Sax,H"]
[Black "Sorokin,Valen"]
[Result "0-1"]
[WhiteElo "1966"]
[BlackElo "2337"]

1.e4 c5 2.c3 Nf6 3.e5 Nd5 4.d4 cxd4 5.Nf3 e6 6.cxd4 d6 7.Nc3 Nxc3 8.bxc3 Qc7
9.Bd2 Nd7 10.exd6 Bxd6 11.Bd3 b6 12.O-O Bb7 13.h3 O-O 14.Qe2 Bf4 15.Be3 Rad8
16.Qd2 Bxe3 17.Qxe3 Rfe8 18.Ng5 Nf6 19.Rac1 h6 20.Ne4 Nd5 21.Qg3 Qxg3 22.Nxg3 Nf4
23.Bb5 Bxg2 24.Bxe8 Bxf1 25.Bxf7+ Kxf7 26.Kxf1 Nxh3 27.Ke2 g5 28.Kf3 Kg6
29.Kg2 Nf4+ 30.Kf3 h5 31.Re1 Rf8 32.Ke4 h4 33.Nh1 Rc8 34.Rc1 b5 35.a3 Rc4
36.Rc2 Nd5 37.Kd3 Kf5 38.f3 Kf4 39.Nf2 Kxf3  0-1

[Event "XVI WSen"]
[Site "Arvier ITA"]
[Date "2006.09.18"]
[Round "7"]
[White "Ofstad,P"]
[Black "Zaric,S"]
[Result "1-0"]
[WhiteElo "2151"]
[BlackElo "2241"]

1.e4 c5 2.c3 Nf6 3.e5 Nd5 4.g3 d6 5.exd6 Qxd6 6.Bg2 Nc6 7.Na3 Nf6 8.Nc4 Qc7
9.Ne2 e5 10.O-O Be6 11.Qa4 Bd7 12.Qc2 Be7 13.b4 cxb4 14.d4 Rc8 15.dxe5 Nxe5
16.Nxe5 Qxe5 17.Bf4 Qb5 18.Rfe1 Qa6 19.Qb2 bxc3 20.Nxc3 b6 21.Nd5 Be6 22.Nc7+ Rxc7
23.Bxc7 O-O 24.Be5 Qa4 25.Qd4 Qc2 26.Rec1 Qe2 27.Re1 Qh5 28.Qf4 Ng4 29.h3 Nxe5
30.Rxe5 Qg6 31.Be4 Qf6 32.Rd1 Qxf4 33.gxf4 Bf6 34.Rb5 Bxh3 35.Bxh7+ Kxh7
36.Rh5+ Kg6 37.Rxh3 Kf5 38.Rd7 Kxf4 39.Rxa7 Bd4 40.Kg2 Bf6 41.Rb3 Rb8 42.Rb5 Ke4
43.a4 Kd3 44.a5 Bd4 45.axb6 Rxb6 46.Rxb6 Bxb6 47.Rxf7 Bd4 48.Kf3 Bf6 49.Rd7+ Kc4
50.Ke4 Kc5 51.Kf5 Kc6 52.Rd1 Kc5 53.Ke6 Bd4 54.Rc1+ Kb5 55.f4 Be3 56.Rf1 Kc5
57.f5 Kd4 58.Rh1 Ke4 59.Rh4+ Kf3 60.Kf7 Kg3 61.Ra4 Bh6 62.Kg6  1-0

[Event "EU-chG16"]
[Site "Herceg Novi MNE"]
[Date "2006.09.18"]
[Round "8"]
[White "Dudas,E"]
[Black "Makarova,Natalja"]
[Result "1-0"]
[WhiteElo "2059"]
[BlackElo "1731"]

1.e4 c5 2.c3 Nf6 3.e5 Nd5 4.d4 cxd4 5.Qxd4 e6 6.Nf3 Nc6 7.Qe4 d6 8.Nbd2 Qc7
9.Nc4 dxe5 10.Ncxe5 Nxe5 11.Nxe5 Bd6 12.Bb5+ Ke7 13.Qh4+ Nf6 14.Nf3 a6 15.Bd3 b5
16.O-O Bb7 17.Nd4 h6 18.f4 g5 19.Qf2 g4 20.Qh4 Bc5 21.Be3 Rad8 22.Rae1 Rd5
23.Nf5+ Kd7 24.Qxf6 Rxd3 25.Qxh8 exf5 26.Bf2 g3 27.Qe8+ Kd6 28.Qe5+ Kd7 29.Qxc7+ Kxc7
30.Bxc5 Rd2 31.Re7+ Kc8 32.Rxb7  1-0

[Event "XVI WSen"]
[Site "Arvier ITA"]
[Date "2006.09.19"]
[Round "8"]
[White "Ljubarskij,J"]
[Black "Veselsky,J"]
[Result "1-0"]
[WhiteElo "2341"]
[BlackElo "2169"]

1.e4 c5 2.c3 Nf6 3.e5 Nd5 4.d4 cxd4 5.cxd4 e6 6.Nf3 d6 7.Bc4 Nb6 8.Bd3 Nc6
9.O-O dxe5 10.dxe5 Be7 11.Qe2 Bd7 12.Nc3 Nb4 13.Bb1 Bc6 14.a3 N4d5 15.Ne4 h6
16.Nd4 Nf4 17.Bxf4 Qxd4 18.Rd1 Qa4 19.Bc2 Qc4 20.Bd3 Qa4 21.Bg3 Rd8 22.Nc3 Qb3
23.Rac1 O-O 24.Ne4 Qa4 25.Nc3 Qb3 26.Be4 Rxd1+ 27.Rxd1 Bxa3 28.Bc2 Qxb2 29.Qd3 Rc8
30.Qh7+ Kf8 31.Nb1 Bd5 32.Nxa3 Qxa3 33.h4 Qb2 34.Bd3 Rc1 35.Rxc1 Qxc1+ 36.Kh2 a6
37.Qh8+ Ke7 38.Qxg7 Nd7 39.Bg6 Kd8 40.Qxf7 Qf1 41.f3 Qe2 42.Bh5 a5 43.Qf4 b5
44.Bg4 b4 45.Qxh6 b3 46.Bxe6 Bxe6 47.Qxe6 b2 48.Qg8+ Ke7 49.Qh7+ Ke8 50.Qg6+ Kd8
51.e6 Ne5 52.Qf6+ Kc8 53.Bxe5 b1=Q 54.Qf8+ Kb7 55.Qb8+ Kc6 56.Qxb1 Qxe5+
57.Kh3 Qxe6+ 58.g4 a4 59.h5 Qd5 60.Qf1 Kc5 61.Qf2+ Kb5 62.h6 Qd3 63.Qb2+ Kc4
64.Qf6 Qf1+ 65.Kh4 Qh1+ 66.Kg5 a3 67.Qf7+ Kb4 68.h7 a2 69.Qf8+ Kb3 70.h8=Q a1=Q
71.Qb8+ Kc2 72.Qc7+ Kd3 73.Qd7+ Ke3 74.Qhe8+ Kf2 75.Qd2+ Kg3 76.Qf4+ Kh3
77.Qh5+ Kg2 78.Qd2+ Kg3 79.Qd6+ Kg2 80.Qxh1+ Qxh1 81.f4 Qc1 82.Kg6 Kf3 83.g5 Kg4
84.Kf6 Kh5 85.Ke7 Qe3+ 86.Kf8 Qe4 87.Qh6+ Kg4 88.g6 Qb4+ 89.Kg8 Kf3 90.Qh5+ Ke3
91.Qe5+ Kf3 92.f5 Qb3+ 93.Qe6 Qb8+ 94.Kg7 Qc7+ 95.Qf7 Qe5+ 96.f6 Kf4 97.Qe7 Qd4
98.Kg8 Qd5+ 99.f7 Kf5 100.g7 Qc4 101.Qc5+  1-0

[Event "XVI WSen w"]
[Site "Arvier ITA"]
[Date "2006.09.19"]
[Round "8"]
[White "Dragasevic Georgieva,A"]
[Black "Fatalibekova,E"]
[Result "1/2-1/2"]
[WhiteElo "2134"]
[BlackElo "2264"]

1.e4 c5 2.c3 Nf6 3.e5 Nd5 4.d4 cxd4 5.Qxd4 e6 6.Nf3 Nc6 7.Qe4 d6 8.Bc4 Be7
9.O-O dxe5 10.Nxe5 Qc7 11.Nxc6 bxc6 12.Nd2 O-O 13.Nf3 Qb6 14.Bb3 a5 15.c4 Nf6
16.Qh4 Qc5 17.Bc2 Qh5 18.Qxh5 Nxh5 19.Be4 Bb7 20.Ne5 Rac8 21.Bd2 Nf6 22.Bf3 a4
23.b4 Bd6 24.Bc3 Ba6 25.Rfc1 Bxe5 26.Bxe5 Rfd8 27.Bxc6 Rxc6 28.b5 Rc5 29.Bxf6 gxf6
30.bxa6 Ra5 31.Rab1 Rxa6 32.c5 Rc6 33.Rc2 Rd5 34.Rbc1 Kf8 35.Kf1 Ke7 36.Rc4 f5
37.Rxa4 Rdxc5 38.Rxc5 Rxc5 39.Ra7+ Kf6 40.a4 Rc1+ 41.Ke2 Rc2+ 42.Ke3 f4+
43.Kf3 e5 44.g3 e4+ 45.Kxf4 Rxf2+ 46.Kxe4 Rxh2 47.a5 Rg2 48.Kf3 Ra2 49.a6 Ra3+
50.Kg4 Kg6 51.Ra8 h5+ 52.Kf4 Kf6 53.a7 Ra4+ 54.Ke3 Ra3+ 55.Kd4 Ra4+ 56.Kc5 Ra1
57.Kb6 Rb1+  1/2-1/2

[Event "5th Open"]
[Site "Izmir TUR"]
[Date "2006.09.19"]
[Round "10"]
[White "Tsereteli,T"]
[Black "Shanava,K"]
[Result "0-1"]
[WhiteElo "2331"]
[BlackElo "2490"]

1.e4 c5 2.c3 Nf6 3.e5 Nd5 4.d4 cxd4 5.Qxd4 e6 6.Nf3 Nc6 7.Qe4 f5 8.Qe2 Nde7
9.g3 Ng6 10.Bg2 Qa5 11.Bf4 d6 12.b4 Nxf4 13.gxf4 Qc7 14.O-O Be7 15.Na3 a6
16.Nc4 d5 17.Ne3 O-O 18.a3 b5 19.Nc2 Bd7 20.Rfc1 Rfc8 21.Ncd4 Nxd4 22.Nxd4 Qa7
23.Rc2 Bd8 24.Rd1 Bb6 25.Bf1 Rc7 26.Qd2 Rac8 27.Rdc1 Re8 28.Qd3 Qa8 29.Qd2 Qd8
30.Bd3 Qh4 31.Qe3 Rec8 32.Qg3 Qe7 33.Kh1 Bc6 34.Kg1 Kh8 35.h3 Rg8 36.Qg5 Qf7
37.Kh2 Rcc8 38.Rg1 Bd8 39.Qg3 Be8 40.Be2 Qe7 41.Bd3 h6 42.Rcc1 Bf7 43.Qe3 Bc7
44.Nc6 Qd7 45.Nd4 Bb6 46.Qd2 Qc7 47.Kh1 Qe7 48.Qe3 Qa7 49.Be2 Rc7 50.Kh2 Rgc8
51.Rgd1 Be8 52.Rc2 Kh7 53.Kh1 a5 54.Kh2 axb4 55.axb4 Qa3 56.Rdc1 Bd7 57.Qd2 Qa7
58.Ra2 Bxd4 59.Rxa7 Bxa7 60.Ra1 Bxf2 61.Bd3 Bh4 62.Ra3 Bc6 63.Qe3 d4 64.Qxd4 Rd7
65.Qe3 Rcd8 66.Be2 Rd2 67.Ra6 Rc2 68.Rxc6 Rdd2 69.Kh1 Rxe2  0-1

[Event "XVI WSen"]
[Site "Arvier ITA"]
[Date "2006.09.20"]
[Round "9"]
[White "Ofstad,P"]
[Black "Wagner,Ca"]
[Result "1/2-1/2"]
[WhiteElo "2151"]
[BlackElo "2209"]

1.e4 c5 2.c3 Nf6 3.e5 Nd5 4.g3 d6 5.exd6 e6 6.Bg2 Bxd6 7.Ne2 Nc6 8.d4 cxd4
9.Nxd4 Nxd4 10.Qxd4 O-O 11.O-O Qc7 12.Nd2 Rd8 13.Qc4 Rb8 14.Qxc7 Bxc7 15.Nc4 b5
16.Ne3 Nb6 17.Nc2 Nd5 18.Rd1 Bb7 19.Be3 Nxe3 20.Nxe3 Bxg2 21.Kxg2 Kf8 22.Kf3 Ke7
23.h3 Rb6 24.Rxd8 Bxd8 25.Rd1 Rd6 26.Rxd6 Kxd6 27.c4 a6 28.cxb5 axb5 29.Ke4 Bb6
30.f3 f5+ 31.Kd3 g6 32.Nd1 Bg1 33.a3 Bh2 34.Nc3 Kc5 35.Ne2 g5 36.g4 Be5 37.b3 h6
38.a4 bxa4 39.bxa4 Bc7 40.Nd4 fxg4 41.hxg4 Kd5 42.Nb3 Ke5 43.a5 Kf4 44.a6 Bb6
45.Ke2 e5 46.Nd2 Bc5 47.Ne4 Ba7 48.Nf6 Kg3 49.Ng8 e4 50.fxe4 Kxg4 51.Nxh6+ Kf4
52.Kd3 g4 53.Nf5 Ke5 54.Ng3 Kf4 55.Ne2+ Ke5 56.Ng3  1/2-1/2

[Event "1st TCH-MNE"]
[Site "Herceg Novi MNE"]
[Date "2006.09.22"]
[Round "1"]
[White "Vajda,L"]
[Black "Solomunovic,I"]
[Result "1-0"]
[WhiteElo "2524"]
[BlackElo "2428"]

1.e4 c5 2.c3 Nf6 3.e5 Nd5 4.d4 cxd4 5.Nf3 Nc6 6.cxd4 d6 7.Bc4 e6 8.O-O Be7
9.Qe2 O-O 10.Nc3 Nxc3 11.bxc3 dxe5 12.dxe5 Qc7 13.Re1 b6 14.Qe4 Bb7 15.Qg4 Rfd8
16.Bh6 Bf8 17.Re3 Kh8 18.Bg5 Ne7 19.Bb3 Nf5 20.Bxd8 Nxe3 21.Bxc7 Nxg4 22.Ng5 Nh6
23.Rd1 Be7 24.h4 Bc6 25.Bd6 Bxd6 26.exd6 Rd8 27.Rd4 g6 28.f3 Rd7 29.g4 e5
30.Rd2 f6 31.Ne4 Bxe4 32.fxe4 Kg7 33.Be6 Rd8 34.d7 Kf8 35.g5 Ke7 36.Bh3 fxg5
37.hxg5 Nf7 38.Rd5 Nxg5 39.Rxe5+ Kf6 40.Rxg5 Kxg5 41.e5 Rf8 42.c4 a6 43.a4 a5
44.Kg2 h6 45.Kg3 h5 46.Kg2 h4 47.Kg1 Rd8 48.Kf2 Rh8 49.Ke3 Rg8 50.Ke4 Rf8
51.Kd5  1-0

[Event "Vojvodina Quality League m"]
[Site "Sremska Mitrovica SRB"]
[Date "2006.09.23"]
[Round "3"]
[White "Robulj,N"]
[Black "Horvat,St"]
[Result "1-0"]
[WhiteElo "2271"]
[BlackElo "2091"]

1.e4 c5 2.c3 Nf6 3.e5 Nd5 4.d4 cxd4 5.Qxd4 e6 6.Nf3 Nc6 7.Qe4 d6 8.exd6 Nf6
9.Qc2 Bxd6 10.Bg5 O-O 11.Nbd2 Be7 12.Bd3 h6 13.h4 Nd5 14.Bxe7 Qxe7 15.O-O-O Bd7
16.Be4 Nf6 17.Kb1 Rac8 18.Rhg1 Nb4 19.Qb3 Bc6 20.Bxc6 Nxc6 21.g4 Nd5 22.g5 hxg5
23.Nxg5 f6 24.Nge4 Ne5 25.h5 Kf7 26.c4 Nf4 27.c5 Rc7 28.Nd6+ Kg8 29.N2e4 Nxh5
30.Nf5 Qe8 31.Ned6 Qd7 32.Nb5  1-0

[Event "2nd Geller Mem Open-A"]
[Site "Odessa UKR"]
[Date "2006.09.24"]
[Round "6"]
[White "Zubarev,Al1"]
[Black "Vovk,Y"]
[Result "1-0"]
[WhiteElo "2518"]
[BlackElo "2441"]

1.e4 c5 2.c3 Nf6 3.e5 Nd5 4.Nf3 Nc6 5.Bc4 Nb6 6.Bb3 c4 7.Bc2 Qc7 8.Qe2 g5
9.h3 Bg7 10.O-O Nxe5 11.Nxg5 d5 12.Re1 Bd7 13.d4 cxd3 14.Bxd3 h6 15.Nxf7 Kxf7
16.Bf4 Rag8 17.Qh5+ Kf8 18.Rxe5 Bxe5 19.Bxe5 Qc6 20.Nd2 Nc4 21.Qf3+ Ke8 22.Nxc4 dxc4
23.Be4 Qb6 24.Rd1 h5 25.Bxh8 Rxh8 26.Bxb7 Ba4 27.Rd4 Qxb2 28.Bc6+ Bxc6 29.Qxc6+ Kf8
30.Qg6 Qb8 31.Rd5  1-0

[Event "2nd Geller Mem Open-A"]
[Site "Odessa UKR"]
[Date "2006.09.25"]
[Round "8"]
[White "Vysochin,S"]
[Black "Solodovnichenko,Y"]
[Result "1-0"]
[WhiteElo "2555"]
[BlackElo "2537"]

1.e4 c5 2.c3 Nf6 3.e5 Nd5 4.Nf3 Nc6 5.d4 cxd4 6.cxd4 d6 7.Bc4 e6 8.O-O Be7
9.Qe2 O-O 10.Re1 Qb6 11.Qe4 dxe5 12.dxe5 Bc5 13.Re2 f5 14.exf6 Nxf6 15.Qh4 Rd8
16.Rd2 Nd4 17.Nxd4 Rxd4 18.Rxd4 Bxd4 19.Bb3 a5 20.Nc3 Bd7 21.Ne2 Bc5 22.Bg5 a4
23.Bxf6 axb3 24.Qg5 Bf8 25.a3 Qb5 26.Nc3 Qxg5 27.Bxg5 b5 28.Rd1 b4 29.axb4 Bxb4
30.Bd2 Bc6 31.Be1 g5 32.f3 g4 33.fxg4 Rf8 34.h3 Bc5+ 35.Kh2 Bf2 36.Rd6 Bxg2
37.Kxg2 Bxe1 38.Ne4 e5 39.Rd1 Bh4 40.Rd2 Rf4 41.Nc5 e4 42.Nxb3 e3 43.Re2 Bf2
44.Nc5 h5 45.Nd3 Rd4 46.Nxf2 exf2 47.gxh5 Rb4 48.Kxf2 Rb3 49.h4 Kf7 50.Ke1 Rh3
51.Kd2 Rxh4 52.Re5 Kf6 53.Ra5 Ke7 54.Kc3 Kd7 55.Rg5 Kc6 56.b4 Rh3+ 57.Kd4 Rh4+
58.Ke5 Rxb4 59.Kf6 Kd7 60.h6 Rf4+ 61.Kg7 Ke7 62.h7 Rf7+ 63.Kh6 Rf6+ 64.Rg6  1-0

[Event "Tatry Open"]
[Site "Tatranske Zruby SVK"]
[Date "2006.09.26"]
[Round "5"]
[White "Kopecky,J"]
[Black "Murin,P"]
[Result "1-0"]
[WhiteElo "1999"]
[BlackElo "2086"]

1.e4 c5 2.c3 Nf6 3.e5 Nd5 4.d4 e6 5.Nf3 cxd4 6.cxd4 d6 7.Bd3 Nc6 8.O-O Qc7
9.exd6 Bxd6 10.Nc3 Nxc3 11.bxc3 Ne7 12.c4 b6 13.Bb2 Bb7 14.h3 O-O 15.Rc1 Ng6
16.Re1 Qd8 17.d5 exd5 18.cxd5 Bxd5 19.Bxg6 hxg6 20.Qd4 Qf6 21.Qxd5 Qxb2 22.Qxd6  1-0

[Event "Bygger'n Masters"]
[Site "Gausdal NOR"]
[Date "2006.09.28"]
[Round "5"]
[White "Rozentalis,E"]
[Black "Lie,K"]
[Result "0-1"]
[WhiteElo "2605"]
[BlackElo "2523"]

1.e4 c5 2.c3 Nf6 3.e5 Nd5 4.Nf3 e6 5.d4 cxd4 6.cxd4 d6 7.Nc3 Nxc3 8.bxc3 Qc7
9.Bd2 Nd7 10.exd6 Bxd6 11.Bd3 O-O 12.O-O b6 13.Ng5 Nf6 14.f4 Bb7 15.Qe2 Rac8
16.c4 Rfd8 17.Rae1 Ba6 18.Rc1 Ba3 19.Nxh7 Nxh7 20.Bxh7+ Kxh7 21.Qd3+ Kg8
22.Qxa3 Rxd4 23.Be3 Re4 24.Rf3 Bxc4 25.Rg3 Qd7 26.Qb2 f5 27.h3 e5 28.Qf2 Rf8
29.Rg5 Qe7 30.Rc3 exf4 31.Bxf4 Rxf4  0-1

[Event "Glassy Stream Masters"]
[Site "Kharkiv UKR"]
[Date "2006.09.28"]
[Round "8"]
[White "Kharchenko,B"]
[Black "Arzumanian,G"]
[Result "1/2-1/2"]
[WhiteElo "2363"]
[BlackElo "2446"]

1.e4 c5 2.c3 Nf6 3.e5 Nd5 4.d4 cxd4 5.Nf3 Nc6 6.Bc4 e6 7.cxd4 d6 8.O-O Be7
9.Qe2 O-O 10.Rd1 Bd7 11.Nc3  1/2-1/2

[Event "1st TCH-MNE"]
[Site "Herceg Novi MNE"]
[Date "2006.09.29"]
[Round "8"]
[White "Savic,Miod1"]
[Black "Solomunovic,I"]
[Result "1-0"]
[WhiteElo "2518"]
[BlackElo "2428"]

1.e4 c5 2.c3 Nf6 3.e5 Nd5 4.Nf3 Nc6 5.d4 cxd4 6.Bc4 Nb6 7.Bb3 g6 8.cxd4 Bg7
9.O-O O-O 10.h3 d5 11.Nc3 Bf5 12.Nh4 Be6 13.f4 f6 14.Ne4 dxe4 15.Bxe6+ Kh8
16.Nxg6+ hxg6 17.Qg4 Qxd4+ 18.Kh1 Kh7 19.f5  1-0